Statistics for Vytváření slov z daných písmen (Czech Quiz) #1

Click here to take the quiz!

General Stats

  • This quiz has been taken 778 times
  • The average score is 11 of 22

Answer Stats

R Í H O Č I N P A% Correct
Nejlidnatější stát světaČína
96%
Ludolfovo číslo
86%
Černé zlato neboli zemní olejropa
85%
Styl hudby, jehož představitelem je Eminemrap
83%
Politické hnutí (2011)ANO
66%
Identifikační číslo osobyIČO
61%
Nestárnoucí chlapec Petr ___Pan
61%
Kožní pigmentová skvrnapiha
60%
Elektricky nabitá částiceion
57%
__ __ Minovo městoHo Či
54%
Oftalmolog = ____ lékařoční
54%
Mluvené divadločinohra
51%
Punkerský účes ve tvaru bodlinčíro
50%
Herpes nebo jemná mlhaopar
47%
Ribonukleová kyselinaRNA
44%
Kultura, se kterou se úzce pojí ↑ (2 slova, opakují se písmena)hip-hop
30%
Rýn francouzskyRhin
29%
Druhá nejdelší řeka na SlovenskuHron
24%
Člověk vyznávající paganismus nebo přeneseně nevěřícípohan
22%
Německé středně velké hladkosrsté psí plemenopinč
16%
Ublížíporaní
12%
Slovo o 9 písmenechPOHRANIČÍ
3%

Score Distribution

Percentile by Number Answered

Percent of People with Each Score

Your Score History

You have not taken this quiz